| 000 | 00000nas##2200000za#4500 |
| 001 | 9.509279 |
| 003 | CaOODSP |
| 005 | 20200325103247 |
| 007 | ta |
| 008 | 150406c1994||||xxc|| m #||||f| |0fre|d |
| 040 | |aCaOODSP|bfre |
| 041 | |aeng |
| 041 | |afre |
| 043 | |an-cn--- |
| 086 | 1 |aEn49-2 |
| 110 | 1 |aCanada. |bEnvironnement Canada. |bService de la protection de l'environnement. |
| 245 | 10|aRapport |
| 246 | 3 |aRapport (Canada. Environnement Canada) |
| 260 | |aOttawa - Ontario : |bEnvironnement Canada. |
| 310 | |aIrrégulier |
| 362 | 1 |aRapport SPE/7/AP/ |
| 500 | |aDonnées de catalogage avant publication (Canada) imprimées dans ces publications. |
| 500 | |aÉgalement publié en français et en anglais séparément (n°s de catalogue En49-2F, En49-2E). |
| 776 | 0#|tReport |w(CaOODSP)9.500159 |
| 791 | |tReport |eeng|w(CaOODSP)9.509278 |